La crianza del vino tinto desde la perspectiva vitícola /

Contenido: Introducción (Evolución de vinos no protegidos al aire); Estabilización y crianza; Compuestos fenólicos; Condición vitícola y crianza de vinos; Fermentación, maceración y extracción de polifenoles; Polimerización fenólica; La barrica de roble; El tapón de corcho; El cuello de la botella;...

Olles dieđut

Furkejuvvon:
Bibliográfalaš dieđut
Váldodahkki: Ruiz Hernández, Manuel (autor)
Materiálatiipa: Girji
Giella:espánnjágiella
Almmustuhtton: Madrid, España : A. Madrid Vicente : Mundi-Prensa, 2002, c2002
Preanttus:2a edición
Fáttát:
Fáddágilkorat: Lasit fáddágilkoriid
Eai fáddágilkorat, Lasit vuosttaš fáddágilkora!

MARC

LEADER 00000nam^a2200000^a^4500
001 000145564
005 20250521000000.0
009 20260310095839.727
020 |a 84-89922-68-3 
020 |a 84-8476-048-0 
037 |a Acervo ITESO - Biblioteca 
041 |a ESP 
082 |a 641. 22  |b RUI 
100 |a Ruiz Hernández, Manuel  |e (autor) 
245 1 3 |a La crianza del vino tinto desde la perspectiva vitícola /  |c M. Ruiz Hernández. 
250 |a 2a edición 
264 4 |a Madrid, España :  |b A. Madrid Vicente :  |b Mundi-Prensa,  |c 2002, c2002 
300 |a 355 p. 
336 |a texto  |b txt  |2 rdacontenido 
337 |a sin mediación  |b n  |2 rdamedio 
338 |a volumen  |b nc  |2 rdasoporte 
520 |a Contenido: Introducción (Evolución de vinos no protegidos al aire); Estabilización y crianza; Compuestos fenólicos; Condición vitícola y crianza de vinos; Fermentación, maceración y extracción de polifenoles; Polimerización fenólica; La barrica de roble; El tapón de corcho; El cuello de la botella; El vino en la botella; Bodega de crianza; Tesis desarrollada. 
649 |a XX 
650 |a Viticultura y Enología 
650 |a Uvas -  |x Variedades 
650 |a Vinos -  |x Industria y Comercio 
650 |a Corcho 
650 |a Vidrio 
650 |a Barriles 
650 |a Toneles y Tonelería 
650 |a Molienda 
650 |a Envasado y Preservación 
650 |a Fenoles 
650 |a Polimerización 
650 |a Fermentación 
650 |a Proceso de Producción 
650 |a Vinos -  |x Aspectos Tecnológicos 
650 |a Tecnología de Alimentos 
650 |a Ingeniería Bioquímica 
650 |a Ingeniería Química 
650 |a Viticultura y Enología 
910 |a Fondo General 
920 |a Impresos - Libros 
930 |a Colección General 
905 |a 101 
901 |a 0500074972  |b IT1  |c ACC  |u 20250521 
902 |a https://opac.biblio.iteso.mx/vufind/Record/000145564